Non-UN Countries Quiz - Statistics

General Stats
  • This quiz has been taken 138 times
  • The average score is 6 of 11
Answers on the Map
Answers color-coded by a green-red scale on the quiz's map according to % correct below.
 
Answer Stats
Answer % Correct
Kosovo
81%
Palestine
81%
Taiwan
81%
Vatican City
60%
Western Sahara
59%
Transnistria
51%
Somaliland
50%
Northern Cyprus
46%
Abkhazia
45%
South Ossetia
44%
Artsakh
32%
No matching quizzes found
Score Distribution
Percent of People with Each Score
Percentile by Number Answered
Your Score History
You have not taken this quiz